• 首页
  • 本馆介绍
  • 公告通知
  • 最新文献
  • 馆藏检索
  • 电子资源
  • 读者导购
  • 参考咨询
  • 我的图书馆
  • 登录
  • 详细信息显示
  • 放入我的书架
  • 预约/预借图书
  • 作者相关作品
  • 分类相关作品
  • 丛书相关作品
  • 出版社相关作品

书目信息

  • 表格格式
  • 工作单格式
  • 卡片格式
题名:
计算尺算法及定位
    
 
作者: 马连江 编著
分册:  
出版信息: 北京   科学出版社  1975
页数: 124页
开本: 19cm
丛书名:
单 册:
中图分类: O1-8 , O12
科图分类:
主题词: 计算尺--应用 , 初等数学
电子资源:
ISBN:
000 00695nam0 2200265 45
001 0175003047
005 20040519162631.1
010    @dCNY0.30
091    @a13031.327
100    @a19951009d1975 em y0chiy0121 ea
101 0  @achi
102    @aCN@b110000
105    @ay z 000yy
106    @ar
200 10 @a计算尺算法及定位@Aji suan chi suan fa ji ding wei@f马连江编著
210    @a北京@c科学出版社@d1975
215    @a124页@d19cm
606    @a计算尺@x应用
606 0  @a初等数学
690    @aO1-8@v3
690    @aO12
701  0 @a马连江@Ama lian jiang@4编著
801  0 @aCN@b广东省中山图书馆@c20040519
801  2 @aCN@bNLC@c20040519
905    @f1@b6800@f1@b6796@f1@b6802@dO12@e47
    
    计算尺算法及定位/马连江编著.-北京:科学出版社,1975
    124页;19cm
    
    
    ISBN :CNY0.30
    
●
相关链接 在E读中查询图书 在五车中查询图书 在当当中查询图书 在豆瓣中查询图书


正题名:计算尺算法及定位     索取号:O12/47         预约/预借

序号 登录号 条形码 馆藏地/架位号 状态 备注
1 0006796   001245183   第三借阅区/ [索取号:O12/47] 在馆    
2 0006800   001245192   第三借阅区/ [索取号:O12/47] 在馆    
3 0006802   001245138   第三借阅区/ [索取号:O12/47] 在馆    
唐山师范学院图书馆 欢迎您!
大连网信软件有限公司© 版权所有